|
|
|
|
| LEADER |
00000nab a2200000 a 4500 |
| 001 |
vtls000061606 |
| 003 |
SK-MaSNL |
| 005 |
20260304071353.0 |
| 008 |
250422c1980 xo 0 slo |
| 015 |
|
|
|a SNBRB19rr/mm-uuuuu
|
| 035 |
|
|
|a CL0071706
|
| 035 |
|
|
|a urn:nbn:sk:snk-abcyz8
|
| 035 |
|
|
|a (urnnbn)urn:nbn:sk:snk:ar-006tot
|
| 035 |
|
|
|a (uuid)b58c610e-ae32-4dac-954a-98cc048c84fd
|
| 040 |
|
|
|a SNKBUCL
|b slo
|c SNKBUCL
|e AACR2
|
| 041 |
0 |
|
|a slo
|
| 044 |
|
|
|a xo
|c SK
|
| 080 |
|
|
|a 621.38
|2 1981
|
| 100 |
1 |
|
|a Girman, Michal,
|d 1946-
|4 aut
|9 201791
|
| 245 |
1 |
0 |
|a Identifikácia porúch elektronického vybavenia technologických liniek
|c Michal Girman, Jaroslav Tomko, Ján Fetyko
|
| 300 |
|
|
|b Obr. 3.
|
| 650 |
0 |
7 |
|a elektronika
|2 snkbucl
|9 3618
|
| 650 |
0 |
7 |
|a elektronické zariadenia
|2 snkbucl
|9 3625
|
| 655 |
|
7 |
|a články z novín a časopisov
|2 snkbucl
|9 267496
|
| 700 |
1 |
|
|a Tomko, Jaroslav
|4 aut
|9 6465
|
| 700 |
1 |
|
|a Fetyko, Ján,
|d 1949-2014
|4 aut
|9 201787
|
| 773 |
0 |
|
|t Elektrotechnický časopis
|g Roč. 31, č. 3 (1980), s. 259-261
|
| 850 |
|
|
|a Slovenská národná knižnica
|
| 852 |
|
|
|a Slovenská národná knižnica
|
| 954 |
|
|
|a odborná, vedecká literatúra pôvodná (slovenská)
|2 lita
|
| 958 |
|
|
|a article17
|
| 958 |
|
|
|a RK
|
| 958 |
|
|
|a OND
|
| 958 |
|
|
|a EUIPO
|
| 992 |
|
|
|a RBX
|
| 999 |
|
|
|c 2760113
|d 2762043
|